Pyramids of sacrifice : (Record no. 50026)

MARC details
000 -CABECERA
campo de control de longitud fija 00524nam a2200181 a 4500
005 - FECHA Y HORA DE LA ÚLTIMA TRANSACCIÓN
campo de control 20240320063621.0
008 - ELEMENTOS DE LONGITUD FIJA--INFORMACIÓN GENERAL
campo de control de longitud fija 991125s1974 ea 000 0 eng u
020 ## - NÚMERO INTERNACIONAL NORMALIZADO PARA LIBROS
Número Internacional Estándar del Libro 0385071019
035 ## - NÚMERO DE CONTROL DEL SISTEMA
Número de control de sistema UPN01000050026
049 ## - COLECCIÓN
Colección CG
050 #4 - SIGNATURA TOPOGRÁFICA DE LA BIBLIOTECA DEL CONGRESO
Número de clasificación JA79
Número de documento/Ítem B4.6
100 1# - ASIENTO PRINCIPAL--NOMBRE PERSONAL
Nombre de persona Berger, Peter L.,
Fechas asociadas al nombre 1929-2017
9 (RLIN) 31064
245 10 - MENCIÓN DE TÍTULO
Título Pyramids of sacrifice :
Resto del título political ethics and social change /
Mención de responsabilidad, etc. Peter L. Berger.
260 ## - PUBLICACIÓN, DISTRIBUCIÓN, ETC.
Lugar de publicación, distribución, etc. New York :
Nombre del editor, distribuidor, etc. Anchor Books,
Fecha de publicación, distribución, etc. c1974.
300 ## - DESCRIPCIÓN FÍSICA
Extensión 266 p.
650 #4 - ASIENTO SECUNDARIO DE MATERIA - TERMINO TEMATICO
Término de materia o nombre geográfico como elemento de entrada Ética política
9 (RLIN) 7545
905 ## - TIPO DE MATERIAL
Tipo de material Libro
Holdings
Estado de retiro Estado de pérdida Fuente del sistema de clasificación o colocación Estado dañado No para préstamo Código de colección Localización permanente Ubicación/localización actual Ubicación en estantería Total de préstamos Clasificación Código de barras Fecha visto por última vez Número de copia Tipo de ítem Koha
    Library of Congress Classification     Colección General Bib. Gregorio Torres Quintero Bib. Gregorio Torres Quintero Planta baja   JA79 B4.6 43470 31/12/2020 1 Libro